|
|
|
|
| LEADER |
00000nam a2200000 a 4500 |
| 001 |
vtls009155263 |
| 003 |
SK-MaSNL |
| 005 |
20260301170530.0 |
| 008 |
240318s2007 xo ol d p 000 0 slo |
| 015 |
|
|
|a SNBA2008/02-00515
|
| 020 |
|
|
|a 9788022817653
|q (brož.)
|
| 035 |
|
|
|a B3115F13-95CE-4864-B94A-F8E8A4A29EF2
|
| 035 |
|
|
|a urn:nbn:sk:snk-aml6po
|
| 035 |
|
|
|a urn:nbn:sk:snk-am008udi
|
| 040 |
|
|
|a SNK
|b slo
|c SNK
|e AACR2
|
| 041 |
0 |
|
|a slo
|
| 044 |
|
|
|a xo
|c SK
|
| 072 |
|
7 |
|a 674
|x Drevo. Drevársky priemysel
|2 konspekt
|
| 080 |
|
|
|a 674
|2 2001
|
| 080 |
|
|
|a 658.51
|2 2001
|
| 080 |
|
|
|a 630.33
|2 2001
|
| 080 |
|
|
|a 504.5
|2 2001
|
| 080 |
|
|
|a 621.867.1/.9
|2 2001
|
| 080 |
|
|
|a 697.9
|2 2001
|
| 080 |
|
|
|a (075.8)
|2 2001
|
| 100 |
1 |
|
|a Dzurenda, Ladislav,
|d 1955-
|4 aut
|9 214995
|
| 245 |
1 |
0 |
|a Sypká drevná hmota, vzduchotechnická doprava a odlučovanie
|b [... grantového projektu 1/2402/05 - VEGA SR podporovaného Vedeckou grantovou agentúrou MŠ SR a SAV]
|c Ladislav Dzurenda
|
| 250 |
|
|
|a 1. vyd.
|
| 260 |
|
|
|a Zvolen
|b Technická univerzita
|c 2007
|
| 300 |
|
|
|a 181 s.
|b fotogr., sch., tab.
|c 224 cm
|e 1 CD-ROM
|
| 366 |
|
|
|e 150 výt.
|
| 504 |
|
|
|a Bibliogr. s. 157-160
|
| 650 |
0 |
7 |
|a drevospracujúci priemysel
|2 SNKPH
|9 1118
|
| 650 |
0 |
7 |
|a technologické procesy
|2 SNKPH
|9 28633
|
| 650 |
0 |
7 |
|a drevný odpad
|2 SNKPH
|9 72948
|
| 650 |
0 |
7 |
|a dopravníky
|2 SNKPH
|9 18934
|
| 650 |
0 |
7 |
|a vzduchotechnika
|2 SNKPH
|9 1281
|
| 650 |
0 |
7 |
|a znečistenie životného prostredia
|2 SNKPH
|9 988
|
| 650 |
0 |
7 |
|a Woodworking industry
|2 SNKPHeng
|9 270686
|
| 650 |
0 |
7 |
|a Technological processes
|2 SNKPHeng
|9 319719
|
| 650 |
0 |
7 |
|a Wood waste
|2 SNKPHeng
|9 364617
|
| 650 |
0 |
7 |
|a Environmental pollution
|2 SNKPHeng
|9 101056
|
| 650 |
0 |
7 |
|a Conveyors
|2 SNKPHeng
|9 322498
|
| 650 |
0 |
7 |
|a Air conditioning
|2 SNKPHeng
|9 274660
|
| 655 |
|
7 |
|a učebnice vysokých škôl
|2 SNKPH
|9 70191
|
| 655 |
|
7 |
|a Textbooks (higher)
|2 SNKPHeng
|9 276436
|
| 919 |
|
|
|a 978-80-228-1765-3
|
| 958 |
|
|
|a NB
|
| 958 |
|
|
|a OND
|
| 968 |
|
|
|d 66/69
|
| 999 |
|
|
|c 827923
|d 829853
|
| 952 |
|
|
|a SNK
|b SNK
|y PREZ
|7 0
|p 17A0566932
|o snkSC 129643
|i snk2007/23605
|8 0
|3 Príloha: 1 CD-ROM
|0 0
|1 0
|4 0
|d 2007-10-31
|f 1
|l 0
|r 2025-06-18 00:00:00
|w 2026-02-24
|
| 952 |
|
|
|a SNK
|b SNK
|y VYP
|7 0
|p 17A0566933
|o snkSC 129643 D1
|i snk2007/23606
|8 0
|3 Príloha: 1 CD-ROM
|0 0
|1 0
|4 0
|d 2007-10-31
|l 0
|r 2026-02-24 03:27:32
|w 2026-02-24
|
| 952 |
|
|
|a SNK
|b SNK
|y PREZ
|7 0
|p 17A0566931
|o snkSC 129643/pril.
|i snk2007/23605
|8 0
|3 Príloha: 1 CD-ROM
|z Príloha
|0 0
|1 0
|4 0
|d 2007-10-31
|l 0
|r 2025-06-18 00:00:00
|w 2026-02-24
|
| 952 |
|
|
|a SNK
|b SNK
|y VYP
|7 0
|p 17A0566934
|o snkSC 129643/pril. D1
|i snk2007/23606
|8 0
|3 Príloha: 1 CD-ROM
|z Príloha
|0 0
|1 0
|4 0
|d 2007-10-31
|l 0
|r 2026-02-24 03:27:32
|w 2026-02-24
|